Normal view
MARC view
- Roden, Martin S
Entry Personal Name
001 - CONTROL NUMBER
- control field: 56853
003 - CONTROL NUMBER IDENTIFIER
- control field: NUST
005 - DATE AND TIME OF LATEST TRANSACTION
- control field: 20210628201805.0
008 - FIXED-LENGTH DATA ELEMENTS
- fixed length control field: 210628|| aca||aabn | a|a d
040 ## - CATALOGING SOURCE
- Original cataloging agency: NUST
- Transcribing agency: NUST
100 ## - HEADING--PERSONAL NAME
- Personal name: Roden, Martin S
670 ## - SOURCE DATA FOUND
- Source citation: Work cat.: (NUST): Roden, Martin S, Analog and digital communication systems, 2002
